000 01060nam a22002655i 4500
001 155542
003 ES-MaACL
005 20260616130211.0
008 010220m18771878sp |||| | spa d
040 _aCCPB | B
_bspa
_cCCPB | B
100 0 _aHomero
_964112
240 1 0 _aIliada.
_lEspañol
245 1 3 _aLa Iliada /
_cHomero ; traducida del griego al castellano por José Gómez Hermosilla.
260 _aMadrid :
_b[s.n.],
_c1877-1878 (
_fImprenta Central a cargo de Víctor Saiz)
300 _a3 v. ;
_c19 cm.
490 1 _aBiblioteca clásica ;
_v1-3
597 _aEl T. III es una biografía del traductor y un comentario de la obra.
597 _at.I. ( XXIX, 376 p.) (1877) -- t.II. ( 430 p.) (1877) -- t.III. ( 392 p.) (1878)
700 1 _aGómez Hermosilla, José,
_d1771-1837
_9127696
830 0 _aBiblioteca clásica ;
_v1-3
_9180370
852 _aES-MaACL
_jF-13101-03
_z-- Enc. hol.
852 _aES-MaACL
_jC-3058-59
_z-- Enc. hol. conservando la cub. original
_q-- Falto del t.III
999 _c155542
_d155542